000
00208 a2200109 4500
020
_a
9780822585800
041
_a
eng
100
_a
Connie Goldsmith
245
_a
Battling Malaria
942
_c
BK
952
_7
1
999
_c
23266
_d
23266